| 000 | 01127naa a22002537a 4500 | ||
|---|---|---|---|
| 001 | BR9504322 | ||
| 003 | BR-BrBNA | ||
| 005 | 20250721155533.0 | ||
| 007 | ta | ||
| 008 | 250630b bl.|||m| |||| 00| 0 por d | ||
| 040 |
_aBR-BrBNA _bpor _cBiblioteca Nacional de Agricultura |
||
| 041 | _a(Pt) | ||
| 072 | _aP34 | ||
| 090 | _aP34 BR9504322 | ||
| 100 | 1 | _aSiqueira, J.O. | |
| 245 | 1 | _aMicorrizas arbusculares | |
| 500 | _aMicrorganismos de importancia agricola Araujo, R.S.Hungria, M.(eds.) Brasilia, DF (Brasil): EMBRAPA/SPI, 1994. p. 151-194 [13 graphs; 15 tables; Bibliography p. 189-194 (103 ref.)] (BR9504322-AMS) | ||
| 773 | 0 |
_tMicrorganismos de importancia agricola _aAraujo, R.S.; Hungria, M.(eds.). Centro Nacional de Pesquisa de Arroz e Feijao, Goiania, GO (Brasil)Centro Nacional de Pesquisa de Soja, Londrina, PR (Brasil) _wP34 BR9504322 _gBrasilia, DF (Brasil), 1994. p. 151-194 |
|
| 650 | _aMicorriza | ||
| 650 | _aBiologia do Solo | ||
| 490 |
_aDocumentos - Centro Nacional de Pesquisa de Arroz e Feijao (Brazil) _vno. 44 _xISSN 0101-9716 |
||
| 942 |
_cAMS _2AGRIS |
||
| 909 |
_a202506 _bLúcia _c55 _dLúcia Elande |
||
| 999 |
_c337088 _d337088 |
||